| Tag |
First Indicator |
Second Indicator |
Subfields |
| LEADER |
00000cam a2200000 a 4500 |
| 001 |
in00000034189 |
| 005 |
20151007055230.0 |
| 008 |
870203s1986 iluak 00010 eng d |
| 020 |
|
|
|a 9996345688 (pbk.)
|
| 035 |
|
|
|a (OCoLC)15146205
|
| 035 |
|
|
|9 AAB7642AM
|
| 040 |
|
|
|a TOL
|c TOL
|d TXA
|d UtOrBLW
|
| 049 |
|
|
|a TXAM
|c [A12595254]
|
| 050 |
|
4 |
|a HD1394
|b .P67 1986
|
| 110 |
2 |
|
|a Potential Unlimited, Inc.
|
| 245 |
1 |
4 |
|a The correlation of behavioral traits with specific property management tasks /
|c Potential Unlimited, Inc.
|
| 264 |
|
1 |
|a Chicago, Ill. :
|b Institute of Real Estate Management Foundation,
|c [1986]
|
| 264 |
|
4 |
|c ©1986
|
| 300 |
|
|
|a iv, 101 pages :
|b illustrations, forms ;
|c 28 cm.
|
| 336 |
|
|
|a text
|b txt
|2 rdacontent
|
| 337 |
|
|
|a unmediated
|b n
|2 rdamedia
|
| 338 |
|
|
|a volume
|b nc
|2 rdacarrier
|
| 490 |
1 |
|
|a Research study / Institute of Real Estate Management Foundation
|
| 650 |
|
0 |
|a Real estate management
|x Psychological aspects.
|
| 830 |
|
0 |
|a Research study (Institute of Real Estate Management Foundation)
|
| 999 |
|
|
|a MARS
|
| 999 |
f |
f |
|s b270863b-71f6-3f1e-b9b8-6e1ece65efab
|i ee3a4682-668c-30c1-8be3-a3fdb6b342ec
|t 0
|
| 952 |
f |
f |
|p ric
|a Texas A&M University
|b Rellis Campus
|c Joint Library Facility
|d Remote Storage
|t 0
|e HD1394 .P67 1986
|h Library of Congress classification
|i unmediated -- volume
|m A14812595254
|
| 998 |
f |
f |
|a HD1394 .P67 1986
|t 0
|l Remote Storage
|